000 00364nam a2200157Ia 4500
005 20250425161301.0
008 250425s9999 xx 000 0 und d
041 _aspa
082 _aIBM4381
245 0 _aLA MUSICA ECUATORIANA DESDE SU ORIGEN A 1875
250 _aS.E.
260 _aS.L.
260 _aSin Pais
_bBCCE
_c1984
942 _c01
010 _a16845
999 _c206101
_d206101